000 00638nam a22001691i 4500
001 183767
003 ES-MaACL
005 20230906221951.0
008 141013s1878 sp |||| | spa d
245 0 0 _aJuicio y consideraciones sobre el proyecto publicado por Don Juan Suzzara para la reconstitución de la hacienda española /
_c[Juan Bautista Onofre Ferro... et al.].
260 _aMadrid :
_b[s.n.],
_c1878 (
_fImprenta Española)
300 _a14 p. ;
_c22 cm.
600 1 4 _aSuzzara, Juan.
_9132962
650 4 _aDeuda pública-
_zEspaña.
_9135920
700 1 _aOnofre Ferro, Juan Bautista.
_9155704
852 _aES-MaACL
_jT-310-F-1
999 _c183767
_d183767